Countries by Rainforests - Statistics

General Stats
  • This quiz has been taken 602 times
  • The average score is 6 of 13
Answer Stats
Rainforest Answer % Correct
Amazon Brazil | Peru | Bolivia | Colombia | Venezuela | Guyana | Suriname | French Guyana | Ecuador
100%
Congo Cameroon | Gabon | Republic of the Congo | D. R. Congo | Central African Republic
99%
Borneo lowland/montane Indonesia | Malaysia | Brunei
79%
Cát Tiên National Park Vietnam
68%
Mizoram-Manipur-Kachin India | Bangladesh | Myanmar
50%
Daintree Australia
37%
Sinharaja Forest Reserve Sri Lanka
31%
Kinabalu Park Malaysia
27%
Tongass National Forest USA
26%
Monteverde Cloud Forest Reserve Costa Rica
24%
Cardamom Mountains Thailand | Cambodia | Vietnam
22%
Valdivian Chile | Argentina
19%
Bosawás Biosphere Reserve Nicaragua
9%
No matching quizzes found
Score Distribution
Percent of People with Each Score
Percentile by Number Answered
Your Score History
You have not taken this quiz